00498nam a22001697a 450000500170000001000140001702000260003103500130005703700130007008200100008310000200009324500560011326000390016927000430020830000270025150000500027820100728150413.0 aENG-97214 a9789380599007c200.00 aEN-80747 bDBAD/PUB a515.9 aGupta, Amritava aPrinciples of complex analysis /cby Amritava Gupta aKolkatabAcademic Publishersc2010 a5A Bhawani Dutta LanebKolkatae700073 aviii, 160p.c21cm (Hb) aincludes bibliographical references and index